The patterns of bureaucratic elite recruitement in Poland in the 1970s and 1980s.

Rozbor výsledkov dvoch poľských sociologických prieskumov o spôsoboch postupu pracovníkov do funkcií riadiacich kádrov ("byrokratickej elity"). Sleduje sa vplyv politickej angažovanosti, pôvodu, odbornosti ap., ako aj hodnotenie atribútov pre výber do funkcie zo strany dotazovaných.

Gespeichert in:
Bibliographische Detailangaben
1. Verfasser: Wasilewski, J.
Format: Buchkapitel
Sprache:Englisch
Schlagworte:
Tags: Tag hinzufügen
Keine Tags, Fügen Sie das erste Tag hinzu!

MARC

LEADER 00000naa a2200000 4500
001 r001111
005 20220819184130.3
041 0 |a eng 
044 |a GB 
245 1 0 |a The patterns of bureaucratic elite recruitement in Poland in the 1970s and 1980s.  |c J. Wasilewski 
520 |a Rozbor výsledkov dvoch poľských sociologických prieskumov o spôsoboch postupu pracovníkov do funkcií riadiacich kádrov ("byrokratickej elity"). Sleduje sa vplyv politickej angažovanosti, pôvodu, odbornosti ap., ako aj hodnotenie atribútov pre výber do funkcie zo strany dotazovaných. 
610 2 0 |a výskum sociologický 
610 2 0 |a PR 
610 2 0 |a výber pracovníkov 
610 2 0 |a pracovníci riadiaci 
610 2 0 |a 1971-1989 
100 1 |a Wasilewski, J.